Szegedi Kereskedelmi és Iparkamara jegyzőkönyve. - (1926) tárgymutató
Elmentve itt :
| Dokumentumtípus: | Folyóirat |
|---|---|
| Megjelent: |
1926
|
| Sorozat: | Jegyzőkönyv a Szegedi Kereskedelmi és Iparkamarának ... tartott teljes üléséről
|
| Online Access: | http://misc.bibl.u-szeged.hu/21114 |
| LEADER | 00595nas a2200145 i 4500 | ||
|---|---|---|---|
| 001 | misc21114 | ||
| 005 | 20191106112330.0 | ||
| 008 | 170630s1926 hu o 0|| zxx d | ||
| 040 | |a SZTE Miscellanea Repozitórium |b hun | ||
| 041 | |a zxx | ||
| 245 | 0 | 0 | |a Szegedi Kereskedelmi és Iparkamara jegyzőkönyve. - (1926) tárgymutató |h [elektronikus dokumentum] |
| 260 | |c 1926 | ||
| 490 | 0 | |a Jegyzőkönyv a Szegedi Kereskedelmi és Iparkamarának ... tartott teljes üléséről | |
| 561 | |a Szegedi helytörténeti dokumentumok | ||
| 856 | 4 | 0 | |u http://misc.bibl.u-szeged.hu/21114/1/szkik_1926_mutato.pdf |z Dokumentum-elérés |